[Event "IX American Continental Classical Championship 201"]
[Site "Hotel Pipa AtlÃ¢ntico - Praia da Pipa - Rio Grande"]
[Date "2014.10.21"]
[Round "5"]
[Board "43"]
[White "Souza Neves, Andrey M."]
[Black "Pereira, Henry Alberto"]
[Result "0-1"]
[WhiteElo "2173"]
[BlackElo "1995"]
[PlyCount "80"]
[EventDate "2014.10.18"]
[EventRounds "11"]
[EventCountry "BRA"]

1. d4 Nf6 2. Bf4 c5 3. e3 Nd5 4. Bg3 Qb6 5. b3 cxd4 6. exd4 Nc6 7. c3 d6 8. Nf3
Bg4 9. Be2 g6 10. O-O Bg7 11. h3 Bd7 12. Bc4 Nf6 13. Nbd2 O-O 14. Re1 Nh5 15.
Bh2 Rae8 16. d5 Nb8 17. Rc1 f5 18. Ng5 f4 19. Ne6 Bxe6 20. Rxe6 Nd7 21. Nf3 Kh8
22. Bd3 Rf6 23. Qe1 Nc5 24. Bb1 Nxe6 25. dxe6 Qc5 26. Qe4 d5 27. Qe1 Rff8 28.
Ne5 Bxe5 29. Qxe5+ Kg8 30. Rd1 Rd8 31. b4 Qd6 32. Qe2 Rf6 33. Re1 Ng7 34. c4
Rxe6 35. Qf1 Rxe1 36. Qxe1 dxc4 37. Bc2 Qd2 38. Qb1 b5 39. g3 Qe2 40. gxf4 Rd2
 0-1

[Event "IX American Continental Classical Championship 201"]
[Site "Hotel Pipa AtlÃ¢ntico - Praia da Pipa - Rio Grande"]
[Date "2014.10.21"]
[Round "5"]
[Board "44"]
[White "Januario, Severino Pereira"]
[Black "Bulgarini Torre, Marco"]
[Result "1-0"]
[WhiteElo "2171"]
[BlackElo "1978"]
[PlyCount "141"]
[EventDate "2014.10.18"]
[EventRounds "11"]
[EventCountry "BRA"]

1. d4 Nf6 2. Nf3 g6 3. g3 Bg7 4. Bg2 O-O 5. O-O d6 6. c4 Nc6 7. Nc3 a6 8. h3
Rb8 9. a4 Bd7 10. e4 e5 11. d5 Na5 12. b3 Ne8 13. Nd2 c5 14. dxc6 bxc6 15. Rb1
c5 16. Ba3 Nc6 17. Nd5 a5 18. Nc3 Nd4 19. Nb5 Ne6 20. Bb2 h5 21. Nf3 Bc6 22.
Re1 Rb6 23. Bc3 Ra6 24. Rb2 Qa8 25. Rd2 Nd4 26. Nh2 Bb7 27. Nf1 f5 28. f3 f4
29. gxf4 Rxf4 30. Rd3 Qd8 31. Bd2 Rf7 32. Qc1 Bc8 33. Bg5 Bf6 34. Be3 Bh4 35.
Bxd4 cxd4 36. Re2 Bg5 37. Qe1 h4 38. Rc2 Bf4 39. c5 Qg5 40. Kh1 Rc6 41. Qxa5
Ra6 42. Qe1 dxc5 43. Rxc5 Be6 44. Nxd4 Bg3 45. Nxe6 Rxe6 46. Nxg3 hxg3 47. Qc1
Qh4 48. Rc8 Kg7 49. Rdd8 Nf6 50. Rc7 Ree7 51. Rxe7 Rxe7 52. Rc8 Nh5 53. Rc7 Nf4
54. Qc5 Rxc7 55. Qxc7+ Kg8 56. Qxe5 Ne2 57. Qe6+ Kg7 58. Qe5+ Kf8 59. Qc5+ Kg7
60. Qc7+ Kf8 61. Qd6+ Kg7 62. a5 Qg5 63. Qd1 Qe3 64. Qe1 Qd3 65. Qa1+ Nc3 66.
a6 Kh6 67. a7 Nb1 68. Qh8+ Kg5 69. Qe5+ Kh6 70. Qxg3 Nd2 71. a8=Q 1-0

[Event "IX American Continental Classical Championship 201"]
[Site "Hotel Pipa AtlÃ¢ntico - Praia da Pipa - Rio Grande"]
[Date "2014.10.21"]
[Round "5"]
[Board "45"]
[White "Markzon, Gregory"]
[Black "Schuh, Astor Jose"]
[Result "1-0"]
[WhiteElo "2160"]
[BlackElo "1956"]
[PlyCount "97"]
[EventDate "2014.10.18"]
[EventRounds "11"]
[EventCountry "BRA"]

1. d4 Nf6 2. c4 c5 3. d5 d6 4. Nc3 e5 5. e4 Be7 6. g3 Na6 7. Bg2 h5 8. h4 Bd7
9. f3 Nc7 10. a4 Na6 11. Be3 Nb4 12. Qd2 Qa5 13. Ra3 a6 14. Nge2 Rg8 15. Kf2
Qc7 16. a5 Qc8 17. Na2 Nxa2 18. Rxa2 Bd8 19. b4 b6 20. axb6 Bxb6 21. Rha1 Ke7
22. b5 a5 23. Nc3 Re8 24. Na4 Bd8 25. Rb1 Kf8 26. b6 Qb7 27. Nxc5 dxc5 28.
Bxc5+ Kg8 29. Rxa5 Rxa5 30. Qxa5 Bc8 31. Be3 Nd7 32. c5 Nb8 33. Bf1 f5 34. c6
Nxc6 35. dxc6 Qxc6 36. Rc1 Qb7 37. Bc4+ Be6 38. Qxe5 Qd7 39. b7 Bxc4 40. Qxe8+
Qxe8 41. b8=Q Be6 42. Rd1 Bd7 43. Qd6 f4 44. Bxf4 Bb6+ 45. Qxb6 Kh7 46. Rd2 Bh3
47. Qc7 Qe6 48. Be5 Qg6 49. Rd6 1-0

[Event "IX American Continental Classical Championship 201"]
[Site "Hotel Pipa AtlÃ¢ntico - Praia da Pipa - Rio Grande"]
[Date "2014.10.21"]
[Round "5"]
[Board "46"]
[White "Santos, Sidclay Souza"]
[Black "Caceres Leal, Jaime"]
[Result "0-1"]
[WhiteElo "2007"]
[BlackElo "2157"]
[PlyCount "56"]
[EventDate "2014.10.18"]
[EventRounds "11"]
[EventCountry "BRA"]

1. e4 e5 2. Nf3 Nc6 3. Nc3 Nf6 4. d4 exd4 5. Nxd4 Bb4 6. Nxc6 bxc6 7. Bd3 d5 8.
e5 Nd7 9. O-O O-O 10. f4 Nc5 11. a3 Ba5 12. b4 Nxd3 13. Qxd3 Bb6+ 14. Kh1 a5
15. Bb2 Ba6 16. Qg3 Bxf1 17. Rxf1 axb4 18. axb4 Qe7 19. Rb1 Qxb4 20. f5 Rfe8
21. f6 g6 22. Bc1 Qd4 23. Bf4 Bc5 24. Rd1 Qf2 25. Qxf2 Bxf2 26. g3 Ra3 27. Rd2
Be1 28. Nb1 Bxd2 0-1

[Event "IX American Continental Classical Championship 201"]
[Site "Hotel Pipa AtlÃ¢ntico - Praia da Pipa - Rio Grande"]
[Date "2014.10.21"]
[Round "5"]
[Board "47"]
[White "Cortes Orihuela, Javier"]
[Black "Freitas, Remulo Aguiar"]
[Result "1-0"]
[WhiteElo "2156"]
[BlackElo "1944"]
[PlyCount "105"]
[EventDate "2014.10.18"]
[EventRounds "11"]
[EventCountry "BRA"]

1. d4 d5 2. c4 c6 3. Nf3 e6 4. g3 Nf6 5. Bg2 Bb4+ 6. Bd2 Bxd2+ 7. Nbxd2 O-O 8.
O-O b6 9. Qc2 Bb7 10. e4 dxe4 11. Nxe4 Nxe4 12. Qxe4 Nd7 13. Rfd1 Qc7 14. Ng5
Nf6 15. Qe5 Rac8 16. Qxc7 Rxc7 17. c5 h6 18. Nf3 bxc5 19. dxc5 Nd5 20. Ne5 Rb8
21. Bf1 f6 22. Nf3 Bc8 23. Rd2 e5 24. Re1 Bg4 25. Nh4 g5 26. Ng2 Kg7 27. Bc4
Bf3 28. b3 Bxg2 29. Kxg2 Ne7 30. Red1 a5 31. Rd7 Rbb7 32. Rxc7 Rxc7 33. Rd8 Ra7
34. a4 Nf5 35. Rg8+ Kh7 36. Rb8 Nd4 37. f3 Kg6 38. Kf2 Kg7 39. Rg8+ Kh7 40. Rb8
Kg7 41. Ke3 Rd7 42. Ke4 Re7 43. Ke3 Rd7 44. f4 Nc2+ 45. Kf3 Nd4+ 46. Ke4 Re7
47. fxe5 fxe5 48. Rg8+ Kf6 49. Rf8+ Kg7 50. Ra8 Kf6 51. Rxa5 Rb7 52. Ra6 Rb4
53. Rb6 1-0

[Event "IX American Continental Classical Championship 201"]
[Site "Hotel Pipa AtlÃ¢ntico - Praia da Pipa - Rio Grande"]
[Date "2014.10.21"]
[Round "5"]
[Board "48"]
[White "Jorquera Cabello, Valentina"]
[Black "Ibar, Marcelo"]
[Result "1-0"]
[WhiteElo "2000"]
[BlackElo "2155"]
[PlyCount "113"]
[EventDate "2014.10.18"]
[EventRounds "11"]
[EventCountry "BRA"]

1. e4 e5 2. Nf3 Nc6 3. Bc4 Nf6 4. Ng5 d5 5. exd5 Nd4 6. d6 Qxd6 7. Bxf7+ Ke7 8.
Bb3 Qc6 9. O-O Nxb3 10. axb3 Bf5 11. Qe2 Nd7 12. d3 h6 13. Nf3 Kf6 14. Nc3 Bd6
15. Ne4+ Bxe4 16. dxe4 g5 17. h4 Rhg8 18. Nh2 Nc5 19. Ng4+ Kg6 20. hxg5 hxg5
21. Qe3 Ne6 22. Ra5 b5 23. c4 Qb6 24. Rxb5 Qxe3 25. Bxe3 c5 26. b4 cxb4 27.
Nxe5+ Bxe5 28. Rxe5 Kf6 29. Rb5 a5 30. Bb6 Ra6 31. Bxa5 Nd4 32. Ra1 Nxb5 33.
Bd8+ Rxd8 34. Rxa6+ Ke5 35. cxb5 Rb8 36. Rg6 Kxe4 37. Rxg5 Kd3 38. Rc5 Kd4 39.
Rc1 Rxb5 40. b3 Kd3 41. Rc4 Ke2 42. f4 Ke3 43. Kh2 Rb8 44. Kh3 Rh8+ 45. Kg4
Rg8+ 46. Kf5 Rxg2 47. Rxb4 Rg8 48. Ke6 Rg4 49. Rc4 Rg6+ 50. Kd5 Rb6 51. f5 Rxb3
52. f6 Rb1 53. f7 Rf1 54. Ke6 Kd3 55. Rg4 Re1+ 56. Kf6 Rf1+ 57. Kg7 1-0

[Event "IX American Continental Classical Championship 201"]
[Site "Hotel Pipa AtlÃ¢ntico - Praia da Pipa - Rio Grande"]
[Date "2014.10.21"]
[Round "5"]
[Board "49"]
[White "Zallio, Luciano De Souza"]
[Black "Zimmermann, Kleber Renato P."]
[Result "1-0"]
[WhiteElo "2150"]
[BlackElo "1938"]
[PlyCount "140"]
[EventDate "2014.10.18"]
[EventRounds "11"]
[EventCountry "BRA"]

1. e4 c5 2. Nf3 d6 3. d4 cxd4 4. Nxd4 Nf6 5. Nc3 a6 6. Bg5 e6 7. f4 Be7 8. Qf3
h6 9. Bh4 Qc7 10. O-O-O Nbd7 11. Bd3 g5 12. fxg5 Ne5 13. Qe2 Nfg4 14. Nf3 Nxf3
15. Qxf3 Ne5 16. Qh5 Ng6 17. Bg3 hxg5 18. Qf3 Ne5 19. Qf2 Bd7 20. Rhf1 Rh7 21.
Kb1 O-O-O 22. Qa7 Qb8 23. Qe3 Bc6 24. Qb6 Qc7 25. Qb3 Qa5 26. Be2 Kc7 27. h3 b5
28. Rd4 Nd7 29. a3 Nc5 30. Qa2 Qb6 31. b4 Na4 32. Rd3 Nxc3+ 33. Rxc3 Kb8 34.
Bf3 Qb7 35. Re3 Bf6 36. Rd1 Be7 37. Qb2 e5 38. Qc3 f6 39. Qd3 Rd7 40. Qb3 Rd8
41. Bf2 Rc8 42. Rc1 Be8 43. Bg4 Bd7 44. Bxd7 Qxd7 45. c4 Qe6 46. cxb5 Qxb3+ 47.
Rxb3 Rxc1+ 48. Kxc1 axb5 49. Rc3 Bd8 50. Kd2 Rc7 51. Rxc7 Kxc7 52. g3 Kc6 53.
h4 gxh4 54. gxh4 d5 55. Kd3 d4 56. h5 f5 57. h6 Bf6 58. h7 Kd6 59. Bh4 Bh8 60.
exf5 Kd5 61. f6 e4+ 62. Kc2 Ke6 63. Bg5 Kf7 64. a4 bxa4 65. b5 d3+ 66. Kb1 e3
67. b6 d2 68. Kc2 a3 69. b7 a2 70. b8=Q a1=Q 1-0

[Event "IX American Continental Classical Championship 201"]
[Site "Hotel Pipa AtlÃ¢ntico - Praia da Pipa - Rio Grande"]
[Date "2014.10.21"]
[Round "5"]
[Board "50"]
[White "Caceres Vasquez, Sergio"]
[Black "Quaranta Neto, Francisco"]
[Result "1-0"]
[WhiteElo "2138"]
[BlackElo "1933"]
[PlyCount "153"]
[EventDate "2014.10.18"]
[EventRounds "11"]
[EventCountry "BRA"]

1. d4 d5 2. c4 c6 3. Nf3 Nf6 4. Qc2 Bg4 5. Ne5 Bh5 6. Qb3 Qb6 7. cxd5 Qxb3 8.
axb3 Nxd5 9. Bd2 e6 10. Nc3 Nb4 11. Rc1 f6 12. Nc4 Bg6 13. e4 Be7 14. Be2 Nd7
15. Bf4 O-O 16. O-O Rfd8 17. Bc7 Rdc8 18. Bf4 Rd8 19. Bc7 Rdc8 20. Bg3 Rd8 21.
Nd6 Nb6 22. Nxb7 Rxd4 23. Rfd1 e5 24. f3 Bf7 25. Na5 Rad8 26. Bf2 Rd2 27. Rb1
c5 28. Nc4 Rxd1+ 29. Rxd1 Rxd1+ 30. Nxd1 Nc2 31. Nxb6 axb6 32. Bc4 Nd4 33. Bxd4
cxd4 34. Kf1 Kf8 35. Bxf7 Kxf7 36. Ke2 Ke6 37. Kd3 b5 38. Nf2 g6 39. Ke2 f5 40.
Nd3 Bg5 41. g3 fxe4 42. fxe4 Be3 43. Kf3 h5 44. h3 Bd2 45. Ke2 Bg5 46. Kf3 Be7
47. Ke2 Kf6 48. Kf3 Bd6 49. Ke2 Kg5 50. Kf3 h4 51. g4 Kf6 52. Ke2 g5 53. Ne1
Ke6 54. Kd3 Be7 55. Nc2 Bc5 56. b4 Be7 57. Na3 Bxb4 58. Nxb5 Kd7 59. Kc4 Be1
60. Na3 Kc6 61. Nc2 Bd2 62. b3 Bc3 63. Kd3 Bb2 64. Ne1 Bc1 65. Kc4 Bd2 66. Nd3
Kd6 67. b4 Bc3 68. Kb5 Bd2 69. Kb6 Bc3 70. b5 Bd2 71. Ka7 Ba5 72. b6 Kc6 73.
Nxe5+ Kb5 74. b7 Bb6+ 75. Ka8 Bc7 76. b8=Q+ Bxb8 77. Kxb8 1-0

[Event "IX American Continental Classical Championship 201"]
[Site "Hotel Pipa AtlÃ¢ntico - Praia da Pipa - Rio Grande"]
[Date "2014.10.21"]
[Round "5"]
[Board "51"]
[White "Leitao, Nicolau"]
[Black "Pinero, Ismael"]
[Result "1/2-1/2"]
[WhiteElo "2138"]
[BlackElo "1925"]
[PlyCount "95"]
[EventDate "2014.10.18"]
[EventRounds "11"]
[EventCountry "BRA"]

1. d4 Nf6 2. c4 g6 3. Nc3 Bg7 4. e4 d6 5. f4 O-O 6. Nf3 e5 7. fxe5 dxe5 8. d5
Bg4 9. Bg5 h6 10. Bh4 c6 11. h3 Bxf3 12. Qxf3 Nbd7 13. Bd3 Qb6 14. Rb1 cxd5 15.
cxd5 a6 16. Bf2 Qd6 17. O-O b5 18. b4 Rac8 19. Ne2 Nh5 20. Be3 Qe7 21. a3 Nf4
22. Nxf4 exf4 23. Qxf4 Rc3 24. Be2 f5 25. Bd2 Bd4+ 26. Kh1 g5 27. Qh2 Rc2 28.
Rbd1 fxe4 29. Rxf8+ Nxf8 30. Bg4 Qe5 31. Qxe5 Bxe5 32. Bf5 Kf7 33. Bxe4 Rc4 34.
Rf1+ Ke7 35. Bf3 Ng6 36. Re1 Kd6 37. Be3 Bg3 38. Bc5+ Kc7 39. Rd1 Ne5 40. d6+
Kd7 41. Bb7 a5 42. Ba6 Kc6 43. d7 Nxd7 44. a4 Rxc5 45. bxc5 bxa4 46. Rxd7 Kxd7
47. Bb5+ Kc7 48. Bxa4 1/2-1/2

[Event "IX American Continental Classical Championship 201"]
[Site "Hotel Pipa AtlÃ¢ntico - Praia da Pipa - Rio Grande"]
[Date "2014.10.21"]
[Round "5"]
[Board "52"]
[White "Souza, Rafael Cabral De"]
[Black "Farias, Edilsom"]
[Result "1-0"]
[WhiteElo "2138"]
[BlackElo "1874"]
[PlyCount "65"]
[EventDate "2014.10.18"]
[EventRounds "11"]
[EventCountry "BRA"]

1. e4 e5 2. Nf3 Nc6 3. Bb5 a6 4. Ba4 Nf6 5. d3 d6 6. c3 b5 7. Bc2 Be7 8. Nbd2
O-O 9. O-O Bg4 10. h3 Bh5 11. Re1 Re8 12. Nf1 Bf8 13. Ng3 Bg6 14. Nh4 Nb8 15.
Nhf5 Nbd7 16. Bg5 c5 17. Rf1 Qc7 18. f4 exf4 19. Bxf4 Rac8 20. Rc1 Qb6 21. Kh1
d5 22. Nh4 Bd6 23. Nxg6 hxg6 24. Qd2 Be5 25. exd5 Nxd5 26. Bxe5 Nxe5 27. Ne4
Rcd8 28. Qf2 Nf6 29. Nxc5 Rd5 30. d4 Nc4 31. Bd3 Nd6 32. Rce1 Rxe1 33. Rxe1 1-0

[Event "IX American Continental Classical Championship 201"]
[Site "Hotel Pipa AtlÃ¢ntico - Praia da Pipa - Rio Grande"]
[Date "2014.10.21"]
[Round "5"]
[Board "53"]
[White "Maracaba, Francisco Wladimir G"]
[Black "Palacio, Igor Da Paz"]
[Result "0-1"]
[WhiteElo "1957"]
[BlackElo "2130"]
[PlyCount "64"]
[EventDate "2014.10.18"]
[EventRounds "11"]
[EventCountry "BRA"]

1. Nf3 Nf6 2. g3 g6 3. Bg2 Bg7 4. O-O O-O 5. d4 d6 6. c4 Nbd7 7. Nc3 c6 8. e4
e5 9. Bg5 h6 10. Bxf6 Qxf6 11. d5 a5 12. a3 Nc5 13. b4 axb4 14. axb4 Rxa1 15.
Qxa1 Nb3 16. Qa4 Nd4 17. Nd2 h5 18. c5 Rd8 19. Nc4 Bf8 20. Nxd6 Bxd6 21. cxd6
Qxd6 22. f4 f6 23. fxe5 fxe5 24. dxc6 bxc6 25. Qa2+ Be6 26. Qf2 Bc4 27. Rb1 Rf8
28. Qe3 Kh7 29. Rb2 Rb8 30. b5 Nxb5 31. Nxb5 Qd1+ 32. Kf2 Rf8+ 0-1

[Event "IX American Continental Classical Championship 201"]
[Site "Hotel Pipa AtlÃ¢ntico - Praia da Pipa - Rio Grande"]
[Date "2014.10.21"]
[Round "5"]
[Board "54"]
[White "Martinez, Ayelen"]
[Black "Da Silva, Izael Brasilino Arau"]
[Result "1-0"]
[WhiteElo "2120"]
[BlackElo "1857"]
[PlyCount "97"]
[EventDate "2014.10.18"]
[EventRounds "11"]
[EventCountry "BRA"]

1. e4 c5 2. Nf3 d6 3. Bb5+ Bd7 4. Bxd7+ Nxd7 5. O-O Ngf6 6. Qe2 Qc7 7. c3 e5 8.
d4 Be7 9. Na3 a6 10. Bg5 O-O 11. Nc4 Rfe8 12. dxe5 dxe5 13. a4 Rad8 14. a5 h6
15. Bh4 g5 16. Bg3 Bf8 17. Rfd1 Re6 18. Nfxe5 Nxe5 19. Rxd8 Qxd8 20. Bxe5 Qe7
21. Bxf6 Qxf6 22. Rd1 Qf4 23. f3 g4 24. Qe3 Qxe3+ 25. Nxe3 gxf3 26. gxf3 Bd6
27. Nf5 Bc7 28. Rd7 Bxa5 29. Rxb7 c4 30. Kg2 Bb6 31. Rb8+ Kh7 32. Rc8 Rg6+ 33.
Kh3 Bf2 34. Rxc4 Rb6 35. b4 a5 36. bxa5 Ra6 37. Kg4 Rxa5 38. Rc6 Be1 39. Rxh6+
Kg8 40. Rc6 Ra3 41. c4 Ra2 42. h4 Rg2+ 43. Kh5 Rc2 44. Rf6 Bc3 45. Nh6+ Kh8 46.
Rxf7 Rg2 47. c5 Bd2 48. Ng4 Kg8 49. Kg6 1-0

[Event "IX American Continental Classical Championship 201"]
[Site "Hotel Pipa AtlÃ¢ntico - Praia da Pipa - Rio Grande"]
[Date "2014.10.21"]
[Round "5"]
[Board "55"]
[White "Braga, Jose Pereira"]
[Black "Santos, Anderson Guerra Dos"]
[Result "0-1"]
[WhiteElo "1922"]
[BlackElo "2119"]
[PlyCount "93"]
[EventDate "2014.10.18"]
[EventRounds "11"]
[EventCountry "BRA"]

1. e4 c5 2. Nf3 d6 3. d4 cxd4 4. Nxd4 Nf6 5. Nc3 g6 6. Be3 Bg7 7. f3 O-O 8. Qd2
Nc6 9. O-O-O d5 10. Nxc6 bxc6 11. exd5 cxd5 12. Nxd5 Nxd5 13. Qxd5 Qc7 14. Qc5
Qb7 15. Qa3 Rb8 16. Bd4 e5 17. Bc3 e4 18. Bxg7 Kxg7 19. Be2 Be6 20. fxe4 Qxe4
21. Bf3 Qf4+ 22. Kb1 Rb4 23. g3 Qc4 24. Be2 Qe4 25. Qc3+ Kg8 26. Bf3 Qc4 27.
Qxc4 Bxc4 28. Rd2 Rfb8 29. b3 a5 30. Rhd1 Kg7 31. Ka1 Be6 32. Bd5 Bf5 33. Bc4
Ra8 34. a3 Rb6 35. Rf1 Ra7 36. Rf4 h5 37. Kb2 Re7 38. Bd5 Rd6 39. Rfd4 Red7 40.
c3 Re7 41. Bc4 Rc6 42. Rd6 Rcc7 43. Re2 Be4 44. Red2 a4 45. Bb5 axb3 46. Kxb3
h4 47. c4 {resto ilegÃ­vel} 0-1

[Event "IX American Continental Classical Championship 201"]
[Site "Hotel Pipa AtlÃ¢ntico - Praia da Pipa - Rio Grande"]
[Date "2014.10.21"]
[Round "5"]
[Board "56"]
[White "Maia, Jose Eduardo Bastos O."]
[Black "Araujo, Vitor Angelo Lima"]
[Result "1-0"]
[WhiteElo "2118"]
[BlackElo "1840"]
[PlyCount "61"]
[EventDate "2014.10.18"]
[EventRounds "11"]
[EventCountry "BRA"]

1. d4 d5 2. c4 e6 3. Nc3 Nf6 4. cxd5 exd5 5. Bg5 c6 6. Qc2 Be7 7. e3 O-O 8. Bd3
Nbd7 9. Nge2 Re8 10. f3 Nf8 11. O-O Ng6 12. Rae1 Nh5 13. Bxe7 Qxe7 14. Ng3 Nxg3
15. hxg3 Qd6 16. Qf2 Be6 17. e4 dxe4 18. fxe4 Rad8 19. d5 cxd5 20. exd5 Bxd5
21. Rxe8+ Rxe8 22. Bxg6 hxg6 23. Rd1 Re5 24. Qd4 Rh5 25. Nxd5 Qxg3 26. Qf4 Qxf4
27. Nxf4 Rb5 28. Nd3 f5 29. Kf2 g5 30. Rc1 Kf7 31. Rc3 1-0

[Event "IX American Continental Classical Championship 201"]
[Site "Hotel Pipa AtlÃ¢ntico - Praia da Pipa - Rio Grande"]
[Date "2014.10.21"]
[Round "5"]
[Board "57"]
[White "Prado Filho, Ricardo De Almeid"]
[Black "Souza, Marcos Valerio A."]
[Result "0-1"]
[WhiteElo "1893"]
[BlackElo "2117"]
[PlyCount "116"]
[EventDate "2014.10.18"]
[EventRounds "11"]
[EventCountry "BRA"]

1. d4 Nf6 2. c4 g6 3. f3 Bg7 4. e4 d6 5. Nc3 O-O 6. Be3 Nc6 7. Nge2 a6 8. Qd2
Re8 9. g4 h5 10. gxh5 Nxh5 11. Ng3 e5 12. d5 Nd4 13. Bxd4 exd4 14. Nce2 Qh4 15.
Rg1 d3 16. Qxd3 Bxb2 17. Rb1 Be5 18. Kd1 c6 19. Qe3 c5 20. Qh6 Bg7 21. Qe3 b5
22. f4 Bg4 23. Kc1 bxc4 24. h3 Bd7 25. Rb7 Bc8 26. Rb6 Nxg3 27. Rxg3 Qf6 28. e5
Qd8 29. Rxd6 Qxd6 30. exd6 Rxe3 31. Rxe3 Bf5 32. Ng3 Bh6 33. Nxf5 Bxf4 34. Ne7+
Kf8 35. Kd2 c3+ 36. Kd3 c2 37. Re1 c1=Q 38. Rxc1 Bxc1 39. Nc6 Ke8 40. Ne5 Bb2
41. Nc4 Bd4 42. Be2 Rb8 43. Bd1 Kd8 44. Ba4 Rb5 45. Bxb5 axb5 46. Na3 b4 47.
Nb5 Bf2 48. Kc4 Kd7 49. Nc7 Kxd6 50. Nb5+ Kd7 51. Kd3 f5 52. Ke2 Bg3 53. Kf3
Be5 54. Ke3 c4 55. Kf3 b3 56. axb3 cxb3 57. Na3 b2 58. Ke3 Kd6 0-1

[Event "IX American Continental Classical Championship 201"]
[Site "Hotel Pipa AtlÃ¢ntico - Praia da Pipa - Rio Grande"]
[Date "2014.10.21"]
[Round "5"]
[Board "58"]
[White "Rezende, Guilherme Vilela"]
[Black "Serafim Junior, Arnor"]
[Result "1/2-1/2"]
[WhiteElo "2110"]
[BlackElo "1811"]
[PlyCount "43"]
[EventDate "2014.10.18"]
[EventRounds "11"]
[EventCountry "BRA"]

1. d4 Nf6 2. c4 e6 3. Nc3 d5 4. cxd5 exd5 5. Bg5 Be7 6. Qc2 c6 7. e3 Be6 8. Bd3
h6 9. Bf4 Nbd7 10. h3 Rc8 11. Nf3 O-O 12. O-O a6 13. Rfd1 c5 14. Rac1 c4 15.
Bf1 b5 16. e4 b4 17. Nxd5 Nxd5 18. exd5 Bxd5 19. Ne5 Nb6 20. Qd2 a5 21. Qe3 Bg5
22. Bxg5 1/2-1/2

[Event "IX American Continental Classical Championship 201"]
[Site "Hotel Pipa AtlÃ¢ntico - Praia da Pipa - Rio Grande"]
[Date "2014.10.21"]
[Round "5"]
[Board "60"]
[White "Luz, Arthur Nader"]
[Black "De Lima, Carlos Alexandre"]
[Result "1-0"]
[WhiteElo "1885"]
[BlackElo "2094"]
[PlyCount "49"]
[EventDate "2014.10.18"]
[EventRounds "11"]
[EventCountry "BRA"]

1. d4 d6 2. c4 Nf6 3. Nc3 c6 4. e4 Nbd7 5. Be3 e5 6. d5 Be7 7. f3 O-O 8. Qd2
cxd5 9. cxd5 a6 10. Nge2 b5 11. Nc1 Nb6 12. b3 Nh5 13. Nd3 f5 14. Nb4 Bh4+ 15.
g3 f4 16. Bxb6 Qxb6 17. gxh4 Bd7 18. Nc6 Bxc6 19. dxc6 Kh8 20. Bh3 Qxc6 21. Nd5
Rad8 22. Rc1 Qe8 23. O-O Nf6 24. Nc7 Qg6+ 25. Qg2 1-0

[Event "IX American Continental Classical Championship 201"]
[Site "Hotel Pipa AtlÃ¢ntico - Praia da Pipa - Rio Grande"]
[Date "2014.10.21"]
[Round "5"]
[Board "62"]
[White "Reis, Virginia Lagrange M."]
[Black "Manzi, Luiz Antonio Bardaro"]
[Result "1/2-1/2"]
[WhiteElo "1852"]
[BlackElo "2092"]
[PlyCount "100"]
[EventDate "2014.10.18"]
[EventRounds "11"]
[EventCountry "BRA"]

1. e4 Nf6 2. e5 Nd5 3. c4 Nb6 4. d4 d6 5. exd6 cxd6 6. Bd3 g6 7. Nc3 Bg7 8. Be3
Nc6 9. Be2 O-O 10. Rc1 d5 11. c5 Nc4 12. b3 Nxe3 13. fxe3 e5 14. Nf3 exd4 15.
exd4 Bg4 16. O-O Bxf3 17. Bxf3 Bxd4+ 18. Kh1 Bxc3 19. Rxc3 Qa5 20. Rc2 Rad8 21.
Bxd5 Ne7 22. Rd2 Nxd5 23. Rxd5 Rxd5 24. Qxd5 b6 25. b4 Qxb4 26. c6 Qe7 27. Rd1
Re8 28. h3 Rc8 29. Qf3 Rc7 30. Qc3 Qe8 31. Rd6 Qe7 32. Qd4 Rc8 33. Rd7 Qc5 34.
Rd8+ Rxd8 35. Qxd8+ Kg7 36. c7 Qc1+ 37. Kh2 Qf4+ 38. Kg1 Qe3+ 39. Kf1 Qc1+ 40.
Ke2 Qc2+ 41. Ke3 Qc3+ 42. Ke4 Qc2+ 43. Kd4 Qd2+ 44. Kc4 Qxa2+ 45. Kb5 Qe2+ 46.
Kc6 Qc4+ 47. Kb7 Qe4+ 48. Kxa7 Qa4+ 49. Kxb6 Qb4+ 50. Kc6 Qc4+ 1/2-1/2

[Event "IX American Continental Classical Championship 201"]
[Site "Hotel Pipa AtlÃ¢ntico - Praia da Pipa - Rio Grande"]
[Date "2014.10.21"]
[Round "5"]
[Board "63"]
[White "Ferreira, Jose Carlos"]
[Black "Ferreira, Kleber Victor"]
[Result "1/2-1/2"]
[WhiteElo "1884"]
[BlackElo "2079"]
[PlyCount "84"]
[EventDate "2014.10.18"]
[EventRounds "11"]
[EventCountry "BRA"]

1. d4 f5 2. Nc3 Nf6 3. Bg5 d5 4. f3 e6 5. e3 Be7 6. Nge2 O-O 7. Qd2 a6 8. a3 b5
9. Nf4 c5 10. Be2 Nc6 11. Bd1 Qb6 12. Nce2 h6 13. Bxf6 Bxf6 14. c3 a5 15. O-O
a4 16. Kh1 Na5 17. Ng3 Nc4 18. Qf2 g5 19. Nd3 cxd4 20. exd4 f4 21. Ne2 Ra7 22.
Re1 Raf7 23. Ng1 Ne3 24. Re2 Re7 25. g3 e5 26. dxe5 Bxe5 27. Nxe5 Rxe5 28. gxf4
gxf4 29. Qh4 Rg5 30. Bc2 Qf6 31. Nh3 Bxh3 32. Qxh3 Kh8 33. Bd3 Rfg8 34. Qd7
R5g7 35. Qh3 Qb6 36. Ree1 Qd6 37. Rg1 Ng2 38. Qf5 Qe7 39. Qh5 Qf6 40. Qf5 Qe7
41. Qh5 Qf6 42. Qf5 Qe7 1/2-1/2

[Event "IX American Continental Classical Championship 201"]
[Site "Hotel Pipa AtlÃ¢ntico - Praia da Pipa - Rio Grande"]
[Date "2014.10.21"]
[Round "5"]
[Board "65"]
[White "Martins, George Evandro Barret"]
[Black "Lucena, Helianto Dos Santos"]
[Result "1-0"]
[WhiteElo "2276"]
[BlackElo "1846"]
[PlyCount "87"]
[EventDate "2014.10.18"]
[EventRounds "11"]
[EventCountry "BRA"]

1. d4 Nf6 2. Bf4 d6 3. Nf3 Bf5 4. c4 c6 5. Nc3 g6 6. e3 Bg7 7. Be2 O-O 8. O-O
Nh5 9. Bg5 Nf6 10. h3 h6 11. Bh4 d5 12. Qb3 Qb6 13. cxd5 Qxb3 14. axb3 g5 15.
dxc6 Nxc6 16. Bg3 Ne4 17. Bh2 Nd6 18. Rfc1 Rfd8 19. g4 Bh7 20. Ra4 b6 21. Nb5
Na5 22. b4 Nxb5 23. Bxb5 a6 24. Be2 Nb3 25. Rc3 Rdc8 26. Rxa6 Rxa6 27. Bxa6
Rxc3 28. bxc3 Be4 29. Ne1 Nd2 30. Bc7 b5 31. Bxb5 Nb1 32. c4 Bb7 33. Bd7 Na3
34. c5 Ba6 35. Bb8 e6 36. Nf3 Bb5 37. Bxb5 Nxb5 38. c6 Bf8 39. c7 Nd6 40. Ba7
Nc8 41. Bc5 f6 42. b5 Bd6 43. Bxd6 Nxd6 44. b6 1-0

[Event "IX American Continental Classical Championship 201"]
[Site "Hotel Pipa AtlÃ¢ntico - Praia da Pipa - Rio Grande"]
[Date "2014.10.21"]
[Round "5"]
[Board "66"]
[White "Terao, Juliana Sayumi"]
[Black "Cella, Glaucio Dalla Cortt"]
[Result "1-0"]
[WhiteElo "2229"]
[BlackElo "2033"]
[PlyCount "105"]
[EventDate "2014.10.18"]
[EventRounds "11"]
[EventCountry "BRA"]

1. e4 e5 2. Nf3 Nc6 3. Bb5 Nf6 4. d3 Bc5 5. c3 d6 6. O-O O-O 7. h3 h6 8. Nbd2
a6 9. Ba4 b5 10. Bc2 Bb6 11. a4 b4 12. Nc4 Ba7 13. a5 Rb8 14. Bd2 bxc3 15. bxc3
Re8 16. Ne3 Ne7 17. g4 Ng6 18. Nf5 Nf4 19. Bxf4 exf4 20. Ba4 Re5 21. Nxe5 dxe5
22. Qf3 Nh7 23. d4 g6 24. dxe5 Ng5 25. Qg2 f3 26. Qg3 Nxe4 27. Nxh6+ Kg7 28.
Qxf3 Ng5 29. Qg3 Qd5 30. Rad1 Qe4 31. Nf5+ Bxf5 32. gxf5 Nf3+ 33. Kh1 Nxe5+ 34.
f3 Qxf5 35. Bc2 Qh5 36. Rd5 f6 37. Bd1 Rh8 38. Kg2 Qh4 39. Qxh4 Rxh4 40. f4 Nc4
41. Rd7+ Kh8 42. Kg3 Rh7 43. Rd8+ Kg7 44. Ra8 Ne3 45. Rh1 Nf5+ 46. Kf3 Bc5 47.
Rxa6 Bd6 48. Rc6 Rh4 49. Rc4 g5 50. a6 g4+ 51. Kf2 g3+ 52. Kf3 g2 53. Rg1 1-0